Catálogo público

Sucesión ecológica en barbechos de agricultura migratoria y su asociación con hongos ectimicorrocicos y comestibles en Santa Catarina Estetla, Oaxaca (Record no. 100327)

MARC details
000 -CABECERA
campo de control de longitud fija 02669nam a2200445 a 4500
003 - IDENTIFICADOR DEL NÚMERO DE CONTROL
campo de control CHAP
005 - FECHA Y HORA DE LA ÚLTIMA TRANSACCIÓN
campo de control 20250123141637.0
007 - CAMPO FIJO DE DESCRIPCIÓN FÍSICA--INFORMACIÓN GENERAL
campo de control de longitud fija cr ||||||a|c|a
008 - DATOS DE LONGITUD FIJA--INFORMACIÓN GENERAL
campo de control de longitud fija 110124s2010 mx r 00010 spa d
035 ## - NÚMERO DE CONTROL DEL SISTEMA
Número de control de sistema 111986
040 ## - FUENTE DE LA CATALOGACIÓN
Centro/agencia transcriptor CHAP
090 ## - LOCALMENTE ASIGNADO TIPO-LC NÚMERO DE CLASIFICACIÓN (OCLC); NÚMERO DE CLASIFICACIÓN LOCAL (RLIN)
Número de clasificación (OCLC) (R) ; Numero de clasificación, CALL (RLIN) (NR) Tesis
100 1# - ENTRADA PRINCIPAL--NOMBRE DE PERSONA
Nombre de persona Hernández Santiago, Faustino.
9 (RLIN) 54599
245 10 - MENCIÓN DE TÍTULO
Título Sucesión ecológica en barbechos de agricultura migratoria y su asociación con hongos ectimicorrocicos y comestibles en Santa Catarina Estetla, Oaxaca
Mención de responsabilidad, etc. /por Faustino Hernández Santiago; director de tesis Jesús Pérez Moreno.
264 #1 - PRODUCCIÓN, PUBLICACIÓN, DISTRIBUCIÓN, FABRICACIÓN Y COPYRIGHT
Producción, publicación, distribución, fabricación y copyright Chapingo, Méx. :
Nombre del de productor, editor, distribuidor, fabricante El autor,
Fecha de producción, publicación, distribución, fabricación o copyright 2010.
300 ## - DESCRIPCIÓN FÍSICA
Extensión 1 recurso en línea (231 páginas) :
Otras características físicas cuadros, figuras.
336 ## - TIPO DE CONTENIDO
Fuente rdacontent
Término de tipo de contenido texto
Código de tipo de contenido txt
337 ## - TIPO DE MEDIO
Fuente rdamedia
Nombre/término del tipo de medio computadora
Código del tipo de medio c
338 ## - TIPO DE SOPORTE
Fuente rdacarrier
Nombre/término del tipo de soporte recursos en línea
Código del tipo de soporte cr
502 ## - NOTA DE TESIS
Tipo de título Maestría en Ciencias en Agroforestería para el Desarrollo Sostenible
Nombre de la institución que otorga el título Departamento de Enseñanza, Investigación y Servicio en Suelos,
Año de obtención del título 2010.
Información miscelánea Maestría
520 ## - SUMARIO, ETC.
Sumario, etc. En México, uno de los sistemas de mayor importancia que utiliza fuego para desarrollar sus actividades productivas es la roza, tumba y quema (RTQ) o agricultura migratoria. Los objetivos del presente estudio fueron describir el manejo del fuego, la composición de diversidad vegetal y de hongos en los barbechos y los hongos comestibles silvestres en Santa Catarina Estetla, Oaxaca. La cantidad de combustibles que se queman en la comunidad fue de 233 Mg ha-1 para Quercus magnoliifolia y Q. peduncularis y de 670 Mg ha-1 para Q. glaucoides. Especies de los géneros Lantana, Desmodium, Phaseolus, Agave, Calliandra, Diphysa, Eynsehardtia y Acacia se registraron en las diferentes fases de sucesión (6 a 90 años). Se identificaron 13 especies de hongos silvestres comestibles. Diphysa floribunda, Leucaena spp. y algunos hongos como Pseudofistulina radicata tienen potencial de adoptarse en las prácticas agroforestales, por sus múltiples beneficios para los habitantes de la comunidad.
650 14 - PUNTO DE ACCESO ADICIONAL DE MATERIA--TÉRMINO DE MATERIA
Término de materia o nombre geográfico como elemento de entrada Agricultura migratoria.
9 (RLIN) 2004
650 14 - PUNTO DE ACCESO ADICIONAL DE MATERIA--TÉRMINO DE MATERIA
Término de materia o nombre geográfico como elemento de entrada Hongos comestibles.
9 (RLIN) 56124
650 14 - PUNTO DE ACCESO ADICIONAL DE MATERIA--TÉRMINO DE MATERIA
Término de materia o nombre geográfico como elemento de entrada Hongos entomógenos.
9 (RLIN) 56131
700 1# - PUNTO DE ACCESO ADICIONAL--NOMBRE DE PERSONA
Nombre de persona Pérez Moreno, Jesús
9 (RLIN) 89869
Término indicativo de función/relación Director de tesis.
856 ## - LOCALIZACIÓN Y ACCESO ELECTRÓNICOS
Identificador Uniforme del Recurso http://10.13.5.2/tesis/111986.pdf
Nota pública DESCARGAR PDF
942 ## - ELEMENTOS DE PUNTO DE ACCESO ADICIONAL (KOHA)
Tipo de ítem Koha Tesis digital
Fuente del sistema de clasificación o colocación Clasificación Universidad Autónoma Chapingo
590 ## - NOTA LOCAL (RLIN)
Nota local ALEPH
Procedencia (VM) [OBSOLETO] 10
Condición del los carretes individuales (VM) [OBSOLETO] 20130110
590 ## - NOTA LOCAL (RLIN)
Nota local BATCH-UPD
Procedencia (VM) [OBSOLETO] 10
Condición del los carretes individuales (VM) [OBSOLETO] 20130110
590 ## - NOTA LOCAL (RLIN)
Nota local BATCH-UPD
Procedencia (VM) [OBSOLETO] 10
Condición del los carretes individuales (VM) [OBSOLETO] 20130410
590 ## - NOTA LOCAL (RLIN)
Nota local BATCH-UPD
Procedencia (VM) [OBSOLETO] 10
Condición del los carretes individuales (VM) [OBSOLETO] 20130913
590 ## - NOTA LOCAL (RLIN)
Nota local BATCH-UPD
Procedencia (VM) [OBSOLETO] 10
Condición del los carretes individuales (VM) [OBSOLETO] 20140324
590 ## - NOTA LOCAL (RLIN)
Nota local BATCH-UPD
Procedencia (VM) [OBSOLETO] 10
Condición del los carretes individuales (VM) [OBSOLETO] 20141002
590 ## - NOTA LOCAL (RLIN)
Nota local CONVERSION
Procedencia (VM) [OBSOLETO] 10
Condición del los carretes individuales (VM) [OBSOLETO] 20130109
901 ## - ELEMENTOS DE DATOS A LOCAL LDA (RLIN)
a BK
949 ## - PROCESAMIENTO DE INFORMACIÓN LOCAL (OCLC)
b BC
c TES
d 33724002229941
e TS1
g DionaciØn
h 51873
i 111986
s b
949 ## - PROCESAMIENTO DE INFORMACIÓN LOCAL (OCLC)
b BC
c TES
d 33724002229983
e TS2
f c.2
h 51874
i 111986
s b
Holdings
Estado de retiro Estado de pérdida Fuente del sistema de clasificación o colocación Estado dañado Restricciones de uso No para préstamo Código de colección Localización permanente Ubicación/localización actual Ubicación en estantería Fecha de adquisición Total de préstamos Signatura topográfica completa Fecha visto por última vez Precio válido a partir de Tipo de ítem Koha
    Clasificación Universidad Autónoma de Chapingo   Préstamo interno   Tesis digitales de Maestría Biblioteca Digital Biblioteca Digital En línea 31/12/2019   Tesis digital 31/12/2019 31/12/2019 Tesis digital